50 Disney Villains by Movie - Statistics

General Stats
  • This quiz has been taken 115 times
  • The average score is 19 of 50
Answer Stats
Movie Villain % Correct
Aladdin Jafar
93%
Peter Pan Captain Hook
91%
The Lion King Scar
91%
The Little Mermaid Ursula
90%
101 Dalmations Cruella de Vil
88%
Snow White and the 7 Dwarfs Evil Queen
84%
Beauty and the Beast Gaston
84%
Hercules Hades
83%
Sleeping Beauty Maleficent
83%
Alice In Wonderland Queen of Hearts
81%
Tangled Mother Gothel
73%
Princess and the Frog Dr. Facilier
62%
Jungle Book Shere Khan
62%
Cinderella Lady Tremaine
57%
Tarzan Clayton
51%
Wreck-It-Ralph King Candy
48%
Frozen Prince Hans
47%
The Hunchback of Notre Dame Claude Frollo
44%
The Emperor's New Groove Yzma
43%
Mulan Shan Yu
42%
The Nightmare before Christmas Oogie Boogie
38%
The Great Mouse Detective Professor Ratigan
38%
Pocahontas John Ratcliffe
37%
Bambi Man
36%
Moana Te Ka
28%
Zootopia Mayor Bellwether
25%
Sword in the Stone Madam Mim
22%
The Rescuers Medusa
22%
Oliver and Company Bill Sykes
21%
Dumbo Ringmaster
21%
Robin Hood The Sheriff of Nottingham
21%
Wish King Magnifico
20%
Fantasia Chernabog
16%
The Black Cauldron Horned King
16%
The Fox and the Hound Amos Slade
15%
Big Hero 6 Robert Callaghan
14%
Atlantis: The Lost Empire Rourke
14%
Home of the Range Alameda Slim
12%
Raya and the Last Dragon Namaari
12%
The 3 Mouseketeers Pete
12%
Meet the Robinsons Bowler Hat Guy
11%
The Aristocats Edgar Balthazar
11%
Winnie the Pooh Heffalumps
11%
Pinocchio Coachman
10%
Bolt Dr. Calico
10%
Chicken Little Foxy Loxy
10%
Brother Bear Denahi
6%
Dinosaur Kron
6%
Saludos Amigos Aconcagua
1%
Lilo and Stitch Jumba Jookiba
0%
No matching quizzes found
Score Distribution
Percent of People with Each Score
Percentile by Number Answered
Your Score History
You have not taken this quiz